Απαντήσεις σε ερωτήματα δογματικά
Saved in:
| Main Author: | |
|---|---|
| Format: | Book |
| Language: | Greek |
| Published: |
[Αθήνα] :
Αποστολική διακονία,
[1997]
|
| Edition: | 2η έκδ. |
| Subjects: | |
| Tags: |
Add Tag
No Tags, Be the first to tag this record!
|
MARC
| LEADER | 00000cam a2200000 i 4500 | ||
|---|---|---|---|
| 001 | 1/81428 | ||
| 008 | 050718s1997 gre d | ||
| 020 | |a 960-315185-8 | ||
| 035 | |l 10079268 | ||
| 040 | |a GR-MY-UA |b gre |e aacr | ||
| 041 | 0 | |a gre | |
| 082 | 0 | |a 230.19 |2 (22) | |
| 100 | 1 | |a Θεοδώρου, Ανδρέας. | |
| 245 | 1 | 0 | |a Απαντήσεις σε ερωτήματα δογματικά / |c Ανδρέα Θεοδώρου |
| 250 | |a 2η έκδ. | ||
| 260 | |a [Αθήνα] : |b Αποστολική διακονία, |c [1997] | ||
| 300 | |a 257 σ.; |c 21 εκ. | ||
| 650 | 0 | 0 | |a Theology, Doctrinal. |
| 852 | |a INST |b RHODES |c KRI |e 20050718 |h 230.19 ΘΕΟ |p 005400022876 |q 005400022876 |t BK |y 0 | ||
| 901 | |a BIBL4-2005-2 | ||
| 909 | |a Ρ |b 121902 | ||
| 970 | |a ΚΟΖΑ |b ΜΑΡΙΑ |z 2005/07/18 | ||